|
|
|
|
| LEADER |
00000nam0a2200000 4500 |
| 001 |
355547 |
| 005 |
20231102010814.0 |
| 035 |
|
|
|a (RuTPU)RU\TPU\retro\12807
|
| 090 |
|
|
|a 355547
|
| 100 |
|
|
|a 20200709d1973 km y0rusy50 ca
|
| 101 |
0 |
|
|a rus
|
| 102 |
|
|
|a RU
|
| 105 |
|
|
|a a z 001zy
|
| 200 |
1 |
|
|a Методы расчета неустановившегося движения нефтепродуктов и нефтей в магистральных трубопроводах с промежуточными насосными станциями
|f М. А. Гусейн-заде, В. А. Юфин
|
| 210 |
|
|
|a Москва
|c Недра
|d 1973
|
| 215 |
|
|
|a 72 с.
|c ил.
|
| 320 |
|
|
|a Библиогр.: с. 68-69
|
| 606 |
1 |
|
|a Жидкости
|x Движение неустановившееся в закрытых системах
|2 stltpush
|3 (RuTPU)RU\TPU\subj\10880
|9 37890
|
| 606 |
1 |
|
|a Нефтепроводы магистральные
|x Эксплуатация
|2 stltpush
|3 (RuTPU)RU\TPU\subj\45773
|9 64964
|
| 610 |
1 |
|
|a промежуточные насосные станции
|
| 610 |
1 |
|
|a магистральные трубопроводы
|
| 610 |
1 |
|
|a отборы
|
| 610 |
1 |
|
|a подкачки
|
| 610 |
1 |
|
|a жидкость
|
| 610 |
1 |
|
|a газ
|
| 610 |
1 |
|
|a течение
|
| 610 |
1 |
|
|a задачи
|
| 610 |
1 |
|
|a решение
|
| 610 |
1 |
|
|a метод Галеркина
|
| 610 |
1 |
|
|a нефть
|
| 610 |
1 |
|
|a неизотермические трубопроводы
|
| 675 |
|
|
|a 532.542
|v 4
|
| 675 |
|
|
|a 622.692.4
|v 4
|
| 700 |
|
1 |
|a Гусейн-заде
|b М. А.
|g Меджид Азизович
|
| 701 |
|
1 |
|a Юфин
|b В. А.
|g Всеволод Александрович
|
| 801 |
|
1 |
|a RU
|b 63413507
|c 20200709
|
| 801 |
|
2 |
|a RU
|b 63413507
|c 20210216
|g RCR
|
| 942 |
|
|
|c BK
|